I Steve:Steve Jobs in His Own Words (Record no. 119361)

MARC details
000 -LEADER
fixed length control field 00408nam a2200133Ia 4500
008 - FIXED-LENGTH DATA ELEMENTS--GENERAL INFORMATION
fixed length control field 211119s9999||||xx |||||||||||||| ||und||
082 ## - DEWEY DECIMAL CLASSIFICATION NUMBER
Classification number 808.882
Item number BEA-I
100 ## - MAIN ENTRY--PERSONAL NAME
Personal name Beahm, George
245 #0 - TITLE STATEMENT
Title I Steve:Steve Jobs in His Own Words
260 ## - PUBLICATION, DISTRIBUTION, ETC.
Name of publisher, distributor, etc. Harpercollins
Place of publication, distribution, etc. Noida
Date of publication, distribution, etc. 2011
300 ## - PHYSICAL DESCRIPTION
Extent 168p
650 ## - SUBJECT ADDED ENTRY--TOPICAL TERM
Topical term or geographic name entry element Literature & rhetoric
942 ## - ADDED ENTRY ELEMENTS (KOHA)
Koha item type BOOK
650 ## - SUBJECT ADDED ENTRY--TOPICAL TERM
Form subdivision Rhetoric & collections of literatureManagement
General subdivision MBA LIBRARY
Holdings
Withdrawn status Lost status Damaged status Not for loan Home library Current library Date acquired Cost, normal purchase price Total Checkouts Full call number Barcode Shelving location Date last seen Date last checked out Price effective from Koha item type
        SB LIBRARY SB LIBRARY 19/11/2021 225.00 2 808.882 BEA-I 00132849 MBA LIBRARY 06/03/2023 23/02/2023 19/11/2021 BOOK

Powered by Koha